| 000 | 00889nam a2200217 a 4500 | ||
|---|---|---|---|
| 005 | 20210223132948.0 | ||
| 008 | 160602s2015 mx r 000 0 spa d | ||
| 020 | _a9786074954142 | ||
| 035 | _aUPN01000211031 | ||
| 049 | _aCG | ||
| 050 | 4 |
_aHB3531 _bM4.7 |
|
| 100 | 1 |
_aMejía Modesto, Alfonso _933298 |
|
| 245 | 1 | 4 |
_aLas transformaciones demográficas y la segunda modernidad al inicio del siglo XXI en México : _bla fecundidad, el embarazo adolescente y la incertidumbre biográfica en un mundo globalizado / _cAlfonso Mejía Modesto, Ilse Ibeth Díaz Ramírez. |
| 260 |
_aToluca : _bGobierno del Estado de México : _bFOEM, _c2015. |
||
| 300 |
_a183 p. : _bcuadros, mapas, gráfs. |
||
| 440 | 0 |
_aAdministración pública. _pDivulgación |
|
| 651 | 4 |
_aMEXICO - _xPOLITICA DE POBLACION _98760 |
|
| 700 | 1 |
_aDíaz Ramírez, Ilse Ibeth, _ecoaut. |
|
| 905 | _aLibro | ||
| 999 |
_c183132 _d183132 |
||